Kleines Worterbuch der Aegyptologie /

Saved in:

Main Author: Helck, Wolfgang, 1914-1993 (Author)

Other Authors: Otto, Eberhard, 1913-1974.

Format: Book

Language: German

Published: Wiesbaden : Harrassowitz, 1970.

Subjects:

Tags: Add Tag

No Tags, Be the first to tag this record!

Call Number: DT58 .H47 1970

LEADER 00741namaa2200241 4500
001 374
003 OSt
005 20260503050014.0
008 130303s1970 gw a bd 000 0 ger d
010 |a 58001869 
035 |a rdb03213310 
040 |c ARCE Library 
050 4 |a DT58 .H47 1970 
100 1 |a Helck, Wolfgang,  |d 1914-1993,  |e author 
245 1 0 |a Kleines Worterbuch der Aegyptologie /  |c [von Hans-Wolfgang] Helck [und Eberhard] Otto. 
264 1 |a Wiesbaden :  |b Harrassowitz,  |c 1970. 
300 |a 425 pages :   |b with illustrations ;   |c 18 cm. 
504 |a Includes bibliographical references. 
650 0 |a Egyptology   |v Dictionaries   |x German. 
700 1 |a Otto, Eberhard,  |d 1913-1974. 
901 |a reviewed 
942 |c BK  |2 lcc 
999 |c 556  |d 556